<?xml version="1.0" encoding="UTF-8"?>
<record
    xmlns:xsi="http://www.w3.org/2001/XMLSchema-instance"
    xsi:schemaLocation="http://www.loc.gov/MARC21/slim http://www.loc.gov/standards/marcxml/schema/MARC21slim.xsd"
    xmlns="http://www.loc.gov/MARC21/slim">

  <leader>01269nam a2200193 a 4500</leader>
  <controlfield tag="008">120515e2015    ag  |||g |||| 001 0 spa d</controlfield>
  <datafield tag="020" ind1=" " ind2=" ">
    <subfield code="a">S/N</subfield>
  </datafield>
  <datafield tag="041" ind1=" " ind2=" ">
    <subfield code="a">spa</subfield>
  </datafield>
  <datafield tag="092" ind1=" " ind2=" ">
    <subfield code="c">808</subfield>
    <subfield code="l">66</subfield>
    <subfield code="s">PER</subfield>
  </datafield>
  <datafield tag="100" ind1="1" ind2=" ">
    <subfield code="a">Peredo, Le&#xF3;n</subfield>
    <subfield code="9">3554</subfield>
  </datafield>
  <datafield tag="245" ind1=" " ind2="4">
    <subfield code="a">Los perros de la noche /</subfield>
    <subfield code="c">Le&#xF3;n Peredo</subfield>
  </datafield>
  <datafield tag="250" ind1=" " ind2=" ">
    <subfield code="a">1a ed.</subfield>
  </datafield>
  <datafield tag="260" ind1=" " ind2=" ">
    <subfield code="a">Buenos Aires:</subfield>
    <subfield code="b">Del Refalon;</subfield>
    <subfield code="c">2015.</subfield>
  </datafield>
  <datafield tag="300" ind1=" " ind2=" ">
    <subfield code="a">167 p.</subfield>
  </datafield>
  <datafield tag="500" ind1=" " ind2=" ">
    <subfield code="a">Peredo, L. (2015). Los perros de la calle. (1a ed.). Buenos Aires : Del Refal&#xF3;n.</subfield>
  </datafield>
  <datafield tag="505" ind1=" " ind2=" ">
    <subfield code="a">Ismael emprende un viaje para visitar la tumba de su padre. Todo marcha con normalidad hasta que alguien abre la Puerta de los Arquetipos. El tiempo y el espacio dejan de ser terrenos seguros, el universo es una vor&#xE1;gine: lo que pertenece al pasado puede encontrarse en el futuro, lo futuro estar atrapado en el pasado y el presente puede no ocurrir jam&#xE1;s. Los personajes se enfrentan cara a cara con sus pasiones, miserias y miedos m&#xE1;s &#xED;ntimos. Julia y el amor. El diablo y una oferta dif&#xED;cil de rechazar. La libertad puede ser la peor de las prisiones. El Gato Negro y el loco Joe intentar&#xE1;n ayudarlo. Pero cuando el mundo est&#xE1; m&#xE1;s all&#xE1; del bien y del mal es dif&#xED;cil confiar en alguien: uno mismo puede ser su propio enemigo. </subfield>
  </datafield>
  <datafield tag="655" ind1=" " ind2=" ">
    <subfield code="a">Novela</subfield>
    <subfield code="9">3091</subfield>
  </datafield>
  <datafield tag="942" ind1=" " ind2=" ">
    <subfield code="2">ddc</subfield>
    <subfield code="c">BK</subfield>
  </datafield>
  <datafield tag="999" ind1=" " ind2=" ">
    <subfield code="c">2704</subfield>
    <subfield code="d">2704</subfield>
  </datafield>
  <datafield tag="952" ind1=" " ind2=" ">
    <subfield code="0">0</subfield>
    <subfield code="1">0</subfield>
    <subfield code="2">ddc</subfield>
    <subfield code="4">0</subfield>
    <subfield code="7">0</subfield>
    <subfield code="a">BFM</subfield>
    <subfield code="b">BFM</subfield>
    <subfield code="c">CR</subfield>
    <subfield code="d">2018-03-15</subfield>
    <subfield code="e">Donaci&#xF3;n Lago, Laura. Marzo 2018</subfield>
    <subfield code="l">0</subfield>
    <subfield code="o">808 66 PER</subfield>
    <subfield code="p">4216</subfield>
    <subfield code="r">2018-03-15</subfield>
    <subfield code="t">Ej. 1</subfield>
    <subfield code="w">2018-03-15</subfield>
    <subfield code="y">LIT</subfield>
    <subfield code="z">Proyecto 4to libro. Donaci&#xF3;n Lago, Laura. Marzo 2018.</subfield>
  </datafield>
</record>
